000 01190cam a2200277 4500
002 7699
008 040721n2004 000 0 eng u
020 _a1840008644
035 _a(Sirsi) u126851
041 _aeng
050 _a333.3309421
_c18
100 _aSeagrave, Carrie
245 4 _aThe new London property guide 2004-2005
250 _a4th ed.
260 _aLondon
_bMitchell Beazley
_c2004
300 _a671p.
_c21cm.
350 _a9.09
520 _aThe latest edition of this useful handbook giving guidance on buying, selling, renting and letting homes in London. Includes profiles of 480 neighbourhoods, London-wide price charts, information on transport links, traffic charges, council tax, and schools. Also provides guidance on: home buying reform; freehold, leasehold and commonhold; mortgages; investing in property; building works, planning and building regulations; and architectural styles.
650 _aLONDON
650 _aRESIDENTIAL LETTINGS
650 _aRESIDENTIAL SALES
650 _aRESIDENTIAL PROPERTY
_96266
650 _aPROPERTY-RESIDENTIAL PROPERTY-ACQUISITION AND DISPOSAL OF RESIDENTIAL PROPERTY
690 _aHOUSING
942 _n0
999 _c103655
_d103655